Mercados financieros y estrategia empresarial /

Salvato in:
Dettagli Bibliografici
Autore principale: Grinblatt, Mark (autor)
Altri autori: Titman, Sheridan (autor) (autor)
Natura: Libro
Lingua:spagnolo
Pubblicazione: Madrid, España : McGraw-Hill, 2003, c2003
Soggetti:
Tags: Aggiungi Tag
Nessun Tag, puoi essere il primo ad aggiungerne!!

MARC

LEADER 00000nam^a2200000^a^4500
001 000165506
005 20250521000000.0
009 20260310101021.881
020 |a 84-481-3816-3 
037 |a Acervo ITESO - Biblioteca 
041 |a ESP 
082 |a 658. 15  |b GRI 
100 |a Grinblatt, Mark  |e (autor) 
245 1 0 |a Mercados financieros y estrategia empresarial /  |c M. Grinblatt, S. Titman ; coord. y rev. de Prosper Lamothe Fernández ; tr. por Guillermo Fernández-Cuartero Paramio, Ignacio Pérez Maino, Christian Guarin Pulecio. 
264 4 |a Madrid, España :  |b McGraw-Hill,  |c 2003, c2003 
300 |a XXXIV, 709 p. 
336 |a texto  |b txt  |2 rdacontenido 
337 |a sin mediación  |b n  |2 rdamedio 
338 |a volumen  |b nc  |2 rdasoporte 
500 |a Traducción de: Financial Markets and Corporate Strategy 
649 |a XX 
650 |a Instrumentos Financieros 
650 |a Capital Circulante 
650 |a Inversiones 
650 |a Estados Financieros 
650 |a Información Financiera 
650 |a Fusión de Empresas 
650 |a Riesgo Económico -  |x Administración 
650 |a Contabilidad Financiera 
650 |a Administración Financiera 
650 |a Ciencias Administrativas 
700 |a Titman, Sheridan  |e (autor) 
910 |a Fondo General 
920 |a Impresos - Libros 
930 |a Colección General 
905 |a 101 
901 |a 0500100311  |b IT1  |c ACC  |u 20250521 
901 |a 0500100308  |b IT1  |c ACC  |u 20250521 
902 |a https://opac.biblio.iteso.mx/vufind/Record/000165506